| 000 | 00792nam a2200241 a 4500 | ||
|---|---|---|---|
| 001 | 48664 | ||
| 003 | BD-RjUL | ||
| 005 | 20211209054549.0 | ||
| 008 | 160816s1988 BG ||||| |||| 00| 0 ben d | ||
| 020 | _c:TK. 28.00 | ||
| 035 | _a(BD-RjUL)48783 | ||
| 040 |
_aBD-RjUL _bben _cBD-RjUL |
||
| 041 | _aben | ||
| 082 |
_223 _a891.441 _bSIH 1988 |
||
| 100 | 1 |
_aসিদ্দিক, আবু বকর _9146439 |
|
| 245 | 1 | 0 |
_aহেমন্তের সোনালতা / _cআবু বকর সিদ্দিক |
| 250 | _a১ম সং. | ||
| 260 |
_aঢাকা : _bমুক্তধারা, _c১৯৮৮ |
||
| 300 |
_a৬৪ পৃ ; _c২১ সেমি. |
||
| 650 |
_aবাংলা কবিতা _9146440 |
||
| 650 |
_aBengali Poetry _9146441 |
||
| 942 |
_2ddc _cBK |
||
| 999 |
_c48664 _d48664 |
||